Разработка модели турбогенератора в среде Ansys Maxwell; Бутаковские чтения

מידע ביבליוגרפי
Parent link:Бутаковские чтения.— 2022.— [С. 446-447]
מחבר ראשי: Доржиева Б. С.
מחבר תאגידי: Национальный исследовательский Томский политехнический университет Инженерная школа энергетики Отделение электроэнергетики и электротехники
מחברים אחרים: Раднаев А. Б. (научный руководитель), Гарганеев А. Г. Александр Георгиевич
סיכום:Заглавие с экрана
שפה:רוסית
יצא לאור: 2022
סדרה:Энергетические системы и комплексы
נושאים:
גישה מקוונת:http://earchive.tpu.ru/handle/11683/76057
פורמט: אלקטרוני Book Chapter
KOHA link:https://koha.lib.tpu.ru/cgi-bin/koha/opac-detail.pl?biblionumber=635750

MARC

LEADER 00000naa2a2200000 4500
001 635750
005 20231101133858.0
035 |a (RuTPU)RU\TPU\conf\37607 
035 |a RU\TPU\conf\37606 
090 |a 635750 
100 |a 20230605d2022 k y0rusy50 ca 
101 0 |a rus 
102 |a RU 
105 |a y z 101zy 
135 |a drcn ---uucaa 
181 0 |a i  
182 0 |a b 
200 1 |a Разработка модели турбогенератора в среде Ansys Maxwell  |f Б. С. Доржиева, А. Б. Раднаев  |g науч. рук. А. Г. Гарганеев 
203 |a Текст  |c электронный 
225 1 |a Энергетические системы и комплексы 
230 |a 1 компьютерный файл (pdf; 93 Kb) 
300 |a Заглавие с экрана 
320 |a [Библиогр.: с. 447 (2 назв.)] 
463 0 |0 (RuTPU)RU\TPU\conf\37517  |t Бутаковские чтения  |o материалы II Всероссийской с международным участием молодежной конференции, 13-15 декабря 2022 г., Томск  |f Национальный исследовательский Томский политехнический университет ; ред. кол. А. С. Заворин, А. С. Матвеев, С. Г. Обухов [и др.]  |v [С. 446-447]  |d 2022 
610 1 |a электронный ресурс 
610 1 |a труды учёных ТПУ 
610 1 |a турбогенераторы 
610 1 |a ANSYS Maxwell 
610 1 |a электрические машины 
610 1 |a численное моделирование 
700 1 |a Доржиева  |b Б. С. 
701 1 |a Раднаев  |b А. Б. 
702 1 |a Гарганеев  |b А. Г.  |c специалист в области электротехники  |c профессор Томского политехнического университета, доктор технических наук  |f 1955-  |g Александр Георгиевич  |2 stltpush  |4 727 
712 0 2 |a Национальный исследовательский Томский политехнический университет  |b Инженерная школа энергетики  |b Отделение электроэнергетики и электротехники  |h 8022  |2 stltpush  |3 (RuTPU)RU\TPU\col\23505 
801 2 |a RU  |b 63413507  |c 20230615  |g RCR 
856 4 |u http://earchive.tpu.ru/handle/11683/76057 
942 |c BK